[Event "Bunratty Masters op 21st"]
[Site "Bunratty"]
[Date "2014.02.09"]
[Round "5"]
[White "Heidenfeld, Mark"]
[Black "Aoustin, Arnaud"]
[Result "1-0"]
[WhiteElo "2370"]
[BlackElo "2132"]
[PlyCount "71"]
[EventDate "2014.02.07"]
[EventType "swiss"]
[EventRounds "6"]
[EventCountry "IRL"]
[SourceTitle "CBM 158 Extra"]
[Source "ChessBase"]
[SourceDate "2014.02.28"]
[SourceVersion "1"]
[SourceVersionDate "2014.02.28"]
[SourceQuality "1"]

1. e4 e5 2. Nf3 Nc6 3. Bc4 Nf6 4. Ng5 d5 5. exd5 Na5 6. Bb5+ c6 7. dxc6 bxc6 8. Be2 h6 9. Nh3 g5 10. d3 Bg7 11. Nc3 0-0 12. Be3 Nd5 13. Qd2 f5 14. Bc5 Rf7 15. f3 Rb8 16. Na4 Nb7 17. Ba3 f4 18. 0-0-0 Be6 19. Nf2 Bf8 20. Bxf8 Qxf8 21. Ne4 Ne3 22. Rdg1 Rd7 23. Qc3 Rd4 24. Nac5 Bxa2 25. g4 Nxc5 26. Qxc5 Qxc5 27. Nxc5 Rb5 28. Ne4 Rdb4 29. b3 Bxb3 30. cxb3 Rxb3 31. Kd2 Ra5 32. Ke1 Ra2 33. Kf2 Rbb2 34. Nc3 Ra3 35. Rb1 Nd1+ 36. Rhxd1 1-0

[Event "Bunratty Masters op 21st"]
[Site "Bunratty"]
[Date "2014.02.08"]
[Round "2"]
[White "Fehr, Jukka"]
[Black "Aoustin, Arnaud"]
[Result "0-1"]
[WhiteElo "1973"]
[BlackElo "2132"]
[PlyCount "88"]
[EventDate "2014.02.07"]
[EventType "swiss"]
[EventRounds "6"]
[EventCountry "IRL"]
[SourceTitle "CBM 158 Extra"]
[Source "ChessBase"]
[SourceDate "2014.02.28"]
[SourceVersion "1"]
[SourceVersionDate "2014.02.28"]
[SourceQuality "1"]

1. Nf3 Nf6 2. d4 g6 3. c4 Bg7 4. Nc3 0-0 5. e4 d6 6. Be2 e5 7. 0-0 Na6 8. h3 exd4 9. Nxd4 Re8 10. Bf3 h6 11. Re1 Nh7 12. Be3 Ng5 13. Qd2 Nc5 14. Bxg5 hxg5 15. Rad1 Be5 16. Nd5 Kg7 17. Qa5 g4 18. hxg4 Qh4 19. Nxc7 Rh8 20. Kf1 Qd8 21. b4 b6 22. Qa3 Qxc7 23. bxc5 dxc5 24. Nc2 Be6 25. Ne3 Qc8 26. g3 Rh2 27. Rd5 Bd4 28. Qd3 Bxd5 29. cxd5 Qd7 30. g5 Qh3+ 31. Bg2 Rxg2 32. Nxg2 Qh1+ 33. Ke2 Qxg2 34. Qf3 Qxf3+ 35. Kxf3 c4 36. Rd1 Bb2 37. Ke3 c3 38. Kd3 Kf8 39. Kc2 Ke7 40. Rd3 Rh8 41. e5 b5 42. Rf3 Rd8 43. Rd3 a5 44. f4 Rh8 0-1

[Event "Gonzaga Masters"]
[Site "Dublin"]
[Date "2014.01.25"]
[Round "3"]
[White "Aoustin, Arnaud"]
[Black "Aherne, John P"]
[Result "0-1"]
[WhiteElo "2132"]
[BlackElo "2002"]
[PlyCount "74"]
[EventDate "2014.01.24"]
[EventType "swiss"]
[EventRounds "6"]
[EventCountry "IRL"]
[SourceTitle "EXT 2023"]
[Source "ChessBase"]
[SourceDate "2022.10.05"]
[SourceVersion "1"]
[SourceVersionDate "2022.10.05"]
[SourceQuality "1"]

1. e4 e6 2. d4 d5 3. e5 c5 4. c3 Nc6 5. Nf3 Qc7 6. a3 a6 7. Bd3 Be7 8. 0-0 f6 9. Re1 f5 10. dxc5 Bxc5 11. c4 dxc4 12. Bxc4 b5 13. Ba2 Nge7 14. b4 Bb6 15. Bb2 Qa7 16. Qe2 0-0 17. Rd1 Rd8 18. Rxd8+ Nxd8 19. Nc3 h6 20. a4 Nec6 21. axb5 Nxb4 22. Bb3 Kh8 23. Rd1 axb5 24. Qxb5 Ndc6 25. Qa4 Bxf2+ 26. Kh1 Ba6 27. Bxe6 Qb7 28. Qb3 Na5 29. Qa4 Nc4 30. Bxc4 Bxc4 31. Qd7 Qxd7 32. Rxd7 Nd3 33. Rb7 Bc5 34. g3 Nxb2 35. Rxb2 Ra1+ 36. Rb1 Bd5 37. Rxa1 Bxf3# 0-1

[Event "Gonzaga Masters"]
[Site "Dublin"]
[Date "2014.01.25"]
[Round "2"]
[White "Healy, John"]
[Black "Aoustin, Arnaud"]
[Result "0-1"]
[WhiteElo "1884"]
[BlackElo "2132"]
[PlyCount "42"]
[EventDate "2014.01.24"]
[EventType "swiss"]
[EventRounds "6"]
[EventCountry "IRL"]
[SourceTitle "EXT 2023"]
[Source "ChessBase"]
[SourceDate "2022.10.05"]
[SourceVersion "1"]
[SourceVersionDate "2022.10.05"]
[SourceQuality "1"]

1. e4 g6 2. d4 Bg7 3. Nc3 d6 4. Be3 a6 5. Qd2 b5 6. h4 h5 7. Nh3 Nd7 8. 0-0-0 Bb7 9. f3 Ngf6 10. Kb1 Rc8 11. Qf2 b4 12. Na4 Bc6 13. e5 Bxa4 14. Ng5 Nh7 15. Nxf7 Kxf7 16. e6+ Kxe6 17. Qg3 Kf7 18. Bc4+ e6 19. Bxe6+ Kxe6 20. Bg5 Nxg5 21. Qf4 Qf6 0-1

[Event "Dublin Easter e2e4 op"]
[Site "Dublin"]
[Date "2013.03.31"]
[Round "7"]
[White "Aoustin, Arnaud"]
[Black "Courtney, John"]
[Result "1-0"]
[WhiteElo "2130"]
[BlackElo "2005"]
[PlyCount "21"]
[EventDate "2013.03.28"]
[EventType "swiss"]
[EventRounds "9"]
[EventCountry "IRL"]
[SourceTitle "CBM 153 Extra"]
[Source "ChessBase"]
[SourceDate "2013.04.22"]
[SourceVersion "1"]
[SourceVersionDate "2013.04.22"]
[SourceQuality "1"]

1. e4 c5 2. Nf3 d6 3. Bb5+ Bd7 4. Bxd7+ Qxd7 5. 0-0 Nc6 6. c3 Nf6 7. d4 Nxe4 8. d5 Ne5 9. Re1 Nxf3+ 10. Qxf3 Nf6 11. c4 1-0

[Event "Dublin Easter e2e4 op"]
[Site "Dublin"]
[Date "2013.03.30"]
[Round "5"]
[White "Aoustin, Arnaud"]
[Black "Cafolla, Peter"]
[Result "1/2-1/2"]
[WhiteElo "2130"]
[BlackElo "2051"]
[PlyCount "154"]
[EventDate "2013.03.28"]
[EventType "swiss"]
[EventRounds "9"]
[EventCountry "IRL"]
[SourceTitle "CBM 153 Extra"]
[Source "ChessBase"]
[SourceDate "2013.04.22"]
[SourceVersion "1"]
[SourceVersionDate "2013.04.22"]
[SourceQuality "1"]

1. e4 c5 2. Nf3 Nc6 3. Bb5 e6 4. 0-0 Nge7 5. c3 a6 6. Ba4 b5 7. Bc2 d5 8. e5 Ng6 9. d4 Be7 10. g3 Qb6 11. h4 cxd4 12. cxd4 f5 13. exf6 gxf6 14. h5 Nf8 15. Bh6 Ra7 16. Bg7 Rg8 17. Bxf8 Bxf8 18. Nc3 Rag7 19. h6 Rf7 20. Re1 Kd8 21. Qe2 Bd7 22. Qe3 Be7 23. Rac1 Rg4 24. Red1 f5 25. Ne5 Nxe5 26. Qxe5 Bf6 27. Nxd5 Bxe5 28. Nxb6 Bxd4 29. Nxd7 Rxd7 30. Kg2 Bxb2 31. Rb1 Ba3 32. Rb3 Bf8 33. Re1 Rd6 34. Rbe3 Kd7 35. Bb3 Rg6 36. R1e2 Bxh6 37. Rc3 Bg7 38. Rce3 e5 39. Rc3 f4 40. Rec2 Ke7 41. Rc7+ Rd7 42. R7c6 fxg3 43. Rxg6 hxg6 44. Kxg3 Rd6 45. Rc7+ Rd7 46. Rc6 a5 47. Rxg6 Bf6 48. Rg4 Rd3+ 49. f3 a4 50. Bg8 Rd1 51. Kf2 Rb1 52. Ke3 Kf8 53. Bd5 Bg7 54. Kd2 Bh6+ 55. Kc2 Rc1+ 56. Kb2 Rc5 57. Be4 b4 58. Rg1 Be3 59. Rd1 Bd4+ 60. Kb1 b3 61. axb3 axb3 62. Rc1 Ra5 63. Rc8+ Ke7 64. Ra8 Rc5 65. Rb8 b2 66. Rb7+ Kf6 67. Bc2 Ra5 68. Be4 Ra1+ 69. Kc2 Kg5 70. Kd2 Kf4 71. Ke2 Kg5 72. Rg7+ Kf6 73. Rb7 Ke6 74. Kd2 Kd6 75. Rb5 Ra3 76. Kc2 Rc3+ 77. Kd2 Rc1 1/2-1/2

[Event "Cork Masters 16th"]
[Site "Cork"]
[Date "2008.03.30"]
[Round "6"]
[White "Aoustin, Arnaud"]
[Black "Twomey, Pat"]
[Result "1-0"]
[WhiteElo "1975"]
[BlackElo "1892"]
[PlyCount "37"]
[EventDate "2008.03.28"]
[EventType "swiss"]
[EventRounds "6"]
[EventCountry "IRL"]
[SourceTitle "EXT 2023"]
[Source "ChessBase"]
[SourceDate "2022.10.05"]
[SourceVersion "1"]
[SourceVersionDate "2022.10.05"]
[SourceQuality "1"]

1. e4 c5 2. Nf3 Nc6 3. Bb5 e6 4. 0-0 Nge7 5. c3 g6 6. d4 cxd4 7. cxd4 d5 8. Bg5 h6 9. Bf6 Rh7 10. exd5 Qxd5 11. Nc3 Qd6 12. Re1 Nd5 13. Nxd5 Qxd5 14. Re5 Qd7 15. d5 Bd6 16. dxc6 bxc6 17. Re3 Qc7 18. Rc1 Bd7 19. Rd3 1-0

[Event "Avoine op 22nd"]
[Site "Avoine"]
[Date "2007.07.26"]
[Round "6"]
[White "Sandu, Mihaela"]
[Black "Aoustin, Arnaud"]
[Result "1-0"]
[WhiteElo "2271"]
[BlackElo "2109"]
[PlyCount "91"]
[EventDate "2007.07.21"]
[EventType "swiss"]
[EventRounds "9"]
[EventCountry "FRA"]
[SourceTitle "EXT 2010"]
[Source "ChessBase"]
[SourceDate "2010.11.25"]
[SourceVersion "1"]
[SourceVersionDate "2010.11.25"]
[SourceQuality "1"]

1. e4 e5 2. Nf3 Nc6 3. Nc3 Nf6 4. d4 exd4 5. Nxd4 Bb4 6. Nxc6 bxc6 7. Bd3 d5 8. exd5 cxd5 9. 0-0 0-0 10. Bg5 c6 11. Qf3 h6 12. Bh4 g5 13. Ne2 Bg4 14. Qg3 Bxe2 15. Bxe2 Bd6 16. f4 Ne4 17. Qg4 Nf6 18. Qg3 Ne4 19. Qg4 h5 20. Qxh5 gxh4 21. Bd3 Kg7 22. Qg4+ Kh8 23. Qf5 Qf6 24. Bxe4 Qxf5 25. Bxf5 Bc5+ 26. Kh1 Bd4 27. c3 Bf6 28. Rf3 Rab8 29. b3 c5 30. Rd1 Rbd8 31. Rh3 Rfe8 32. g4 Kg7 33. g5 Be7 34. Rxh4 Rh8 35. Rxh8 Kxh8 36. Kg2 d4 37. cxd4 cxd4 38. h4 f6 39. Kf3 Kg7 40. Kg4 Bc5 41. h5 fxg5 42. fxg5 d3 43. Rxd3 Rxd3 44. Bxd3 Be3 45. h6+ Kg8 46. Kh5 1-0

[Event "Avoine op 21th"]
[Site "Avoine"]
[Date "2006.07.24"]
[Round "3"]
[White "Aoustin, Arnaud"]
[Black "Frick, Christoph"]
[Result "1-0"]
[WhiteElo "2074"]
[BlackElo "2230"]
[PlyCount "43"]
[EventDate "2006.07.22"]
[EventType "swiss"]
[EventRounds "9"]
[EventCountry "FRA"]
[SourceTitle "EXT 2007"]
[Source "ChessBase"]
[SourceDate "2006.11.23"]
[SourceVersion "1"]
[SourceVersionDate "2006.11.23"]
[SourceQuality "1"]

1. e4 g6 2. d4 Bg7 3. Nc3 d6 4. f4 a6 5. Nf3 b5 6. Bd3 Nd7 7. a4 b4 8. Ne2 Bb7 9. 0-0 c5 10. c3 Rc8 11. cxb4 cxd4 12. a5 e5 13. Qb3 Ngf6 14. fxe5 dxe5 15. Ng3 0-0 16. Bg5 Qe7 17. Rac1 Qd6 18. Bd2 h6 19. Nh4 Ng4 20. Rxc8 Bxc8 21. Bc4 d3 22. Bxf7+ 1-0

[Event "Avoine op 20th"]
[Site "Avoine"]
[Date "2005.07.30"]
[Round "8"]
[White "Hortas, Igor"]
[Black "Aoustin, Arnaud"]
[Result "1/2-1/2"]
[WhiteElo "2155"]
[BlackElo "1983"]
[PlyCount "90"]
[EventDate "2005.07.23"]
[EventType "swiss"]
[EventRounds "9"]
[EventCountry "FRA"]
[SourceTitle "EXT 2007"]
[Source "ChessBase"]
[SourceDate "2006.11.23"]
[SourceVersion "1"]
[SourceVersionDate "2006.11.23"]
[SourceQuality "1"]

1. d4 Nf6 2. Nf3 g6 3. e3 Bg7 4. Bd3 0-0 5. 0-0 d6 6. b3 c5 7. Bb2 Nc6 8. Nbd2 a6 9. c4 cxd4 10. exd4 d5 11. Rc1 dxc4 12. bxc4 Qd6 13. Qb3 e6 14. Ba3 Qf4 15. Bxf8 Bxf8 16. g3 Qg4 17. Ne5 Nxe5 18. dxe5 Nd7 19. Ne4 Qf3 20. Nf6+ Nxf6 21. exf6 Qxf6 22. Be4 Bc5 23. Qf3 Qe7 24. Rb1 Rb8 25. Qd3 b6 26. Rfd1 Bb7 27. Bxb7 Qxb7 28. Rb3 a5 29. Qf3 Qxf3 30. Rxf3 Rb7 31. Rd8+ Kg7 32. Rfd3 Rc7 33. R3d7 Rc6 34. Kg2 e5 35. Re8 Kf6 36. g4 h6 37. h4 Bb4 38. g5+ hxg5 39. hxg5+ Kxg5 40. Rxf7 Bc3 41. Rb8 Bd4 42. Rg8 Rxc4 43. Rfg7 Rc6 44. a4 Rf6 45. f3 Bc5 1/2-1/2

[Event "Orleans op"]
[Site "Orleans"]
[Date "2004.??.??"]
[Round "8"]
[White "Cosma, Ioan"]
[Black "Aoustin, Arnaud"]
[Result "1-0"]
[WhiteElo "2447"]
[BlackElo "2020"]
[PlyCount "93"]
[EventDate "2004.12.??"]
[EventType "swiss"]
[EventRounds "9"]
[EventCountry "FRA"]
[SourceTitle "EXT 2007"]
[Source "ChessBase"]
[SourceDate "2006.11.23"]
[SourceVersion "1"]
[SourceVersionDate "2006.11.23"]
[SourceQuality "1"]

1. d4 Nf6 2. Nf3 g6 3. g3 Bg7 4. Bg2 0-0 5. 0-0 d6 6. c4 Nbd7 7. Nc3 c5 8. b3 a6 9. Bb2 Rb8 10. dxc5 Nxc5 11. Nd4 Bd7 12. Qd2 Qc7 13. Rfd1 Rfc8 14. h3 b5 15. cxb5 axb5 16. b4 Ne6 17. e3 Nxd4 18. exd4 d5 19. Nxd5 Nxd5 20. Bxd5 Bxh3 21. Rac1 Qd7 22. Rc5 h5 23. Bh1 h4 24. Qf4 hxg3 25. Qxg3 Qg4 26. Qxg4 Bxg4 27. Rd2 Rd8 28. d5 Bh6 29. Rd4 Bg7 30. Rd2 Bh6 31. Rd3 Bf5 32. Rd4 Bg7 33. Rd2 Bh6 34. Re2 Bf8 35. Be4 e6 36. Bxf5 exf5 37. Be5 Bxc5 38. bxc5 Rxd5 39. Bxb8 Rxc5 40. Be5 Rc6 41. Rb2 f6 42. Bd4 Rd6 43. Bc5 Rd1+ 44. Kg2 g5 45. Rxb5 f4 46. a4 Kg7 47. a5 1-0